000 01218nam a2200289 a 4500
001 000042049
003 DO-SdBNP
005 20260409180827.0
008 131112s1992 dr ac 000 0 spa d
040 _aDO-SdBNP
_bspa
_cBNPHU
082 _a331.31
_bD812p
100 1 _aDuarte, Isis
_92123
245 1 0 _aPerfiles de los menores en circunstancias especialmente dificiles en la República Dominicana. / :
_b(un análisis sobre los menores trabajadores, de la calle e institucionalizados) /
_cIsis Duarte, Carmen Julia Gómez, Marina Ariza.
260 _aSanto Domingo :
_bIEPD
_bUNICEF,
_c1992.
300 _a67 p. :
_bil., retr. ;
_c25 cm.
504 _aBibliografía p: 65-66
590 _aInventariado, 2018/VM
650 4 _aTrabajo infantil
_zRepública Dominicana
_98549
650 4 _aPobreza
_zRepública Dominicana
_92079
650 4 _aNiños en República Dominicana
_xCondiciones sociales
_969037
700 1 2 _aGómez, Carmen Julia
_92077
700 1 2 _aAriza, Marina
_936597
710 2 _aInstituto de Estudios de Población y Desarrollo (República Dominicana)
_970393
710 _aFondo de las Naciones Unidas para la Infancia
_99270
910 _aValidado. Control de calidad MFF
942 _2ddc
_cLBS1
999 _c41538
_d41538